Brawl Stars Trivia - Statistics

General Stats
  • This quiz has been taken 134 times
  • The average score is 9 of 15
Answer Stats
Hint Answer % Correct
Who is the starting brawler? Shelly
100%
Who is "A creature of the night" Mortis
81%
Which brawler has the highest health at level one? Frank
73%
How many shots does it take for Stu to charge his super? 1 shot
71%
What year did Brawl Stars come out? 2018
70%
Who is Leon's older sister Nita
67%
How many lasers does 8-Bit shoot in one attack 6
64%
What is the name of the gamemode where 10 people fight against each other? Solo Showdown
58%
Who is the oldest brawler in terms of their actual life? Gene
54%
What class of brawler is Bo? Controller
51%
What was the first brawler to be released in 2025 Meeple
39%
What is Charlie's Super? Cocoon
37%
What is Gray's weapon of choice? Finger Pistol
37%
Who is the last brawler to be released in 2024 Shade
33%
Which Marksman can do the most damage per projectile? Angelo
23%
No matching quizzes found
Score Distribution
Percent of People with Each Score
Percentile by Number Answered
Your Score History
You have not taken this quiz